Soprannomi squadre di calcio SERIE A - Statistics

Statistiche generali
  • Questo quiz è stato fatto 760 volte
  • Il punteggio medio è 13 su 20
Statistiche sulle risposte
Soprannome Squadra % Corretto
Il Diavolo AC Milan
99%
La Vecchia Signora Juventus FC
94%
Casteddu Cagliari Calcio
90%
Dea Atalanta BC
89%
Partenopei SSC Napoli
88%
I Granata Torino FC
88%
Neroverdi US Sassuolo Calcio
88%
Magica AS Roma
86%
Il Grifone Genoa CFC
86%
Il Biscione FC Internazionale Milano
85%
Aquilotti SS Lazio
84%
Zebrette Udinese Calcio
78%
Gigliati ACF Fiorentina
68%
Felsinei Bologna FC 1909
45%
Azzurri Empoli FC
45%
Bagai AC Monza
29%
Canarini Frosinone Calcio
27%
Mastini Hellas Verona FC
26%
Lupi U.S. Lecce
26%
Bersagliera U.S. Salernitana
22%
Nessun quiz corrispondente trovato
Distribuzione punteggi
Percentuale di utenti per punteggio
Percentile per numero di risposta
I tuoi punteggi nel tempo
Non hai fatto questo quiz